000
00305nam a22000977a 4500
008
150730b xxu||||| |||| 00| 0 eng d
010
_8
HCCRSARF:040
245
_a
HIGH COURT CRIMINAL SESSION NO.138 OF 1991 Uganda Vs Sisto Obwona
260
_a
High Court Kampala
500
_3
BEFORE: Hon. Mr. Justice G.M. Okello
999
_c
8356
_d
8356